Сознание Кришны. Высшая система йоги (Запись № 13708971)

Подробности
000 -МАРКЕР
контрольное поле 02415nam0a2200433 4500
001 - ИДЕНТИФИКАТОР ЗАПИСИ
контрольное поле RU\NLR\BIBL_A\022660368
005 - ИДЕНТИФИКАТОР ВЕРСИИ
контрольное поле 20260524043433.0
010 ## - МЕЖДУНАРОДНЫЙ СТАНДАРТНЫЙ НОМЕР КНИГИ (ISBN)
Номер (ISBN) 978-5-906941-99-2
Тираж 30 000
021 ## - НОМЕР ГОСУДАРСТВЕННОЙ РЕГИСТРАЦИИ
Код страны Российская Федерация
Номер КН-П-25-057560
Номер Листа государственной регистраци КН-П-25-5542
035 ## - ДРУГИЕ СИСТЕМНЫЕ НОМЕРА
Идентификатор записи (NLR Aleph) 022660368
100 ## - ДАННЫЕ ОБЩЕЙ ОБРАБОТКИ
Данные общей обработки 20251106d2025 u y0rusy50 ca
101 1# - ЯЗЫК РЕСУРСА
Язык текста, звукозаписи и т.д. русский
Язык оригинала английский
102 ## - СТРАНА ПУБЛИКАЦИИ ИЛИ ПРОИЗВОДСТВА
Страна публикации Российская Федерация
105 ## - ПОЛЕ КОДИРОВАННЫХ ДАННЫХ: ТЕКСТОВЫЕ МАТЕРИАЛЫ, МОНОГРАФИЧЕСКИЕ
Кодированные данные о монографическом текстовом документе a z 000zy
181 #0 - ПОЛЕ КОДИРОВАННЫХ ДАННЫХ: ВИД СОДЕРЖАНИЯ
Код вида содержания (ISBD) i
Код характеристики содержания (ISBD) axxe
182 #0 - ПОЛЕ КОДИРОВАННЫХ ДАННЫХ: ТИП СРЕДСТВА
Код типа средства (ISBD) n - непосредственное
200 1# - ЗАГЛАВИЕ И СВЕДЕНИЯ ОБ ОТВЕТСТВЕННОСТИ
Основное заглавие Сознание Кришны. Высшая система йоги
Сведения, относящиеся к заглавию [перевод с английского]
Первые сведения об ответственности Его Божественная Милость А. Ч. Бхактиведанта Свами Прабхупада ачарья-основатель Международного общества сознания Кришны
203 ## - ВИД СОДЕРЖАНИЯ И ТИП СРЕДСТВА
Вид содержания Текст
Дополнительные сведения об издании визуальный
Тип средства непосредственный
210 ## - ПУБЛИКАЦИЯ, РАСПРОСТРАНЕНИЕ И ДР.
Место издания, распространения и т.д. Москва
Имя издателя, распространителя и т. д. The Bhaktivedanta book trust (Фонд "Бхактиведанта")
Дата издания, распространения и т.д. 2025
215 ## - ФИЗИЧЕСКАЯ ХАРАКТЕРИСТИКА
Специфическое обозначение материала и объем 93, [1] с.
Другие сведения о физической характеристике ил.
Размеры 20
300 ## - ОБЩИЕ ПРИМЕЧАНИЯ
Текст примечания В макете и вып. дан. загл. незнач. изменено: Сознание Кришны – высшая система йоги
300 ## - ОБЩИЕ ПРИМЕЧАНИЯ
Текст примечания В аннот.: Ориг. изд. подгот. Хаягривой дасом (д-ром философии Г. Вилером) на основе лекций по "Бхагавад-гите" и "Шримад-Бхагаватам", прочит. в период с 1966 по 1971 гг.
320 ## - ПРИМЕЧАНИЯ О НАЛИЧИИ В ДОКУМЕНТЕ БИБЛИОГРАФИИ / УКАЗАТЕЛЯ
Текст примечания Другие тр. авт. на 2-й с.
500 10 - УНИФИЦИРОВАННОЕ ЗАГЛАВИЕ
Унифицированное заглавие Махабхарата
Наименование раздела или части Бхагавадгита
Системный номер авторитетной/нормативной записи 2631163
Идентификатор авторитетной / нормативной записи RU\NLR\AUTH\559115
500 10 - УНИФИЦИРОВАННОЕ ЗАГЛАВИЕ
Унифицированное заглавие Пураны
Наименование раздела или части Бхагавата-пурана
Системный номер авторитетной/нормативной записи 2631278
Идентификатор авторитетной / нормативной записи RU\NLR\AUTH\559258
517 1# - ДРУГИЕ ВАРИАНТЫ ЗАГЛАВИЯ
Вариант заглавия Высшая система йоги
606 1# - НАИМЕНОВАНИЕ ТЕМЫ КАК ПРЕДМЕТ
Наименование темы Бхакти-йога
Системный номер авторитетной/нормативной записи 2661790
Идентификатор авторитетной/нормативной записи RU\NLR\AUTH\6601749817
606 1# - НАИМЕНОВАНИЕ ТЕМЫ КАК ПРЕДМЕТ
Наименование темы Кришнаизм
Системный номер авторитетной/нормативной записи 1203333
Идентификатор авторитетной/нормативной записи RU\NLR\AUTH\66487468
686 2# - ИНДЕКСЫ ДРУГИХ КЛАССИФИКАЦИЙ
Индекс Э331-4-340.2
686 2# - ИНДЕКСЫ ДРУГИХ КЛАССИФИКАЦИЙ
Индекс Э331.8
700 #0 - ИМЯ ЛИЦА - ПЕРВИЧНАЯ ОТВЕТСТВЕННОСТЬ
Графика поля Кириллица
Материалы, к которым относится поле rus
Начальный элемент ввода А. Ч. Бхактиведанта Свами Прабхупада
Даты 1896-1977
Системный номер авторитетной/нормативной записи 245957
Идентификатор авторитетной/нормативной записи RU\NLR\AUTH\770246013
702 #1 - ИМЯ ЛИЦА - ВТОРИЧНАЯ ОТВЕТСТВЕННОСТЬ
Код отношения Составитель
Графика поля Кириллица
Материалы, к которым относится поле rus
Начальный элемент ввода Вилер
Часть имени, кроме начального элемента ввода Г.
Даты 1940-1989
Расширение инициалов личного имени Говард
Системный номер авторитетной/нормативной записи 271610
Идентификатор авторитетной/нормативной записи RU\NLR\AUTH\770271666
942 ## - ДОПОЛНИТЕЛЬНЫЕ ЭЛЕМЕНТЫ ЗАПИСИ (АБИС)
Тип экземпляра АБИС Книга
980 ## - КОЛЛЕКЦИЯ
Название коллекции Национальная библиография

Нет доступных экземпляров.